Statistics for Fenerbahçe Record Transfers

Click here to take the quiz!

General Stats

  • This quiz has been taken 237 times
  • The average score is 8 of 10

Answer Stats

YearCountryPositionFromTransfer FeePlayer% Correct
2011-2012SenegalFWLille OSC10M€Moussa Sow
93%
2013-2014NigeriaFWSpartak Moscow13M€Emmanuel Emenike
89%
2011-2012NigeriaFWKayserispor9M€Emmanuel Emenike
89%
2004-2005FranceFWManchester City10,7M€Nicolas Anelka
86%
2008-2009SpainFWMallorca14M€Daniel Güiza
83%
2012-2013PortugalMDChelsea10M€Raul Meireles
82%
2006-2007UruguayDFSao Paulo7,5M€Diego Lugano
81%
2005-2006GhanaMDJuventus8M€Stephen Appiah
71%
2009-2010TurkeyMDKayserispor9M€Mehmet Topuz
69%
2010-2011SenegalFWOlympique Marseille8M€Mamadou Niang
66%

Score Distribution

Percentile by Number Answered

Percent of People with Each Score

Your Score History

You have not taken this quiz